000 00534nam a2200169 4500
001 8078
005 20230410143325.0
008 060907n1998 dr spa
035 _9funglode8145
041 _aFR
050 1 4 _aYSL
110 _aAssociation des anciens auditeurs du centre d'etudes diplomatiques et strategiques
245 1 _aAnnuaire des anciens auditeurs
260 _aParis: Association des anciens auditeurs du centre d'etudes diplomatiques et strategiques,
_c1998
300 _a221 p.
942 _2lcc
_cbk
999 _c99548
_d99548